| 000 | 00532nam a2200205Ia 4500 | ||
|---|---|---|---|
| 003 | OSt | ||
| 005 | 20230328100607.0 | ||
| 008 | 210423s1999 xx 000 0 und d | ||
| 020 | _a521398347 | ||
| 040 | _cAL | ||
| 041 | _aeng | ||
| 082 | _a839.36 SOYW | ||
| 100 |
_aSOYINKA (Wole). _978626 |
||
| 245 | _aMyth literature and the African world. | ||
| 260 |
_aNew Delhi _bCambridge University Press _c1999 |
||
| 300 |
_axii,168 _bPB |
||
| 365 |
_b295 _cINR |
||
| 906 | _aAfrican ; literature ; Myth ; world. | ||
| 942 |
_2ddc _cBK |
||
| 999 |
_c156145 _d156145 |
||